00685 2200205 4500001002100000005001700021008004100038035002400079040001300103082001200116090002100128100001700149245011800166260007400284300004400358500002700402650001900429850001200448990001900460YOGYA-1112000000014520121112092418.0 ind  0010-111200000000145 aYOPD DIY a658.314 aSk 658.314 Hen P aHENI IRAWATI aPengaruh motivasi terhadap produktivitas kerja karyawan di koperasi Pelita Yogyakartacdisusun oleh Heni Irawati. aYogyakartabProgram Studi Manajemen Perusahaan Politeknik PPKPc2004. axiv, 34(5) lbr. :bilus, lamp. :c29 cm aBibliografi : (lbr.35) aMotivasi kerja aYOPDYOG a41.927-PD/A.12